Necesidades de Cuba / (Record no. 162013)

MARC details
000 -LEADER
campo de control de longitud fija 00572nam a2200169 i 4500
001 - NÚMERO DE CONTROL
campo de control 162013
003 - IDENTIFICADOR DE NÚMERO DE CONTROL
campo de control ES-MaACL
005 - FECHA Y HORA DE LA ÚLTIMA TRANSACCIÓN
campo de control 20230906212415.0
008 - DATOS DE LONGITUD FIJA--INFORMACIÓN GENERAL
campo de control de longitud fija 931025s1865 sp |||| | spa d
100 1# - ENTRADA PRINCIPAL--NOMBRE DE PERSONA
Nombre de persona Pezuela, Jacobo de la.
9 (RLIN) 131083
245 10 - MENCIÓN DEL TÍTULO
Título Necesidades de Cuba /
Mención de responsabilidad, etc. por Jacobo de la Pezuela.
260 ## - PUBLICACIÓN, DISTRIBUCIÓN, ETC.
Lugar de publicación, distribución, etc. Madrid :
Nombre del editor, distribuidor, etc. [s.n.],
Fecha de publicación, distribución, etc. 1865 (
Fabricante Imp. del Banco Industrial y Mercantil)
300 ## - DESCRIPCIÓN FÍSICA
Extensión 216 p. ;
Dimensiones 22 cm.
651 #4 - PUNTO DE ACCESO ADICIONAL DE MATERIA--NOMBRE GEOGRÁFICO
Nombre geográfico Cuba-
Subdivisión general Historia-
Subdivisión cronológica 1810-1899.
9 (RLIN) 148036
651 #4 - PUNTO DE ACCESO ADICIONAL DE MATERIA--NOMBRE GEOGRÁFICO
Nombre geográfico Cuba-
Subdivisión geográfica Situación económica-
Subdivisión cronológica S.XIX.
9 (RLIN) 167680
852 ## - LOCALIZACIÓN
Ubicación ES-MaACL
Número de control de estantería G-2922
Nota libre - Enc. hol.
Holdings
Estatus retirado Estado de pérdida Estado de daño No para préstamo Colección Biblioteca de origen Biblioteca actual Ubicación en estantería Fecha de adquisición Fuente de adquisición Total de préstamos Signatura topográfica completa Código de barras Visto por última vez Precio de reemplazo Tipo de ítem Koha
        Libros del s. XIX Biblioteca del Ateneo de Madrid Biblioteca del Ateneo de Madrid Depósito 2 17/01/2008     G-2922 1169713 23/02/2023 23/02/2023 Libro impreso antiguo